Srpski košarkaši šampioni Evrolige i NBA - Statistics

General Stats
  • This quiz has been taken 181 times
    2 since last reset
  • The average score is 19 of 49
Answer Stats
Tim Godina Košarkaš % Correct
Evroliga Fenerbahce 2017 Bogdan Bogdanović
100%
NBA Detroit Pistons 2004 Darko Miličić
100%
Evroliga Anadolu Efes 2022 Filip Petrušev
100%
Evroliga Fenerbahce 2025 Marko Gudurić
100%
Evroliga CSKA Moskva 2016 Miloš Teodosić
100%
NBA Golden State Warriors 2022 Nemanja Bjelica
100%
NBA Denver Nuggets 2023 Nikola Jokić
100%
Evroliga Fenerbahce 2017 Nikola Kalinić
100%
Evroliga Olympiacos 2026 Nikola Milutinov
100%
NBA Oklahoma City Thunder 2025 Nikola Topić
100%
NBA Golden State Warriors 2015 Ognjen Kuzmić
100%
NBA Dallas Mavericks 2011 Predrag Stojaković
100%
Evroliga Anadolu Efes 2021 Vasilije Micić
100%
Evroliga Anadolu Efes 2022 Vasilije Micić
100%
Evroliga Partizan 1992 Aleksandar Đorđević
50%
Evroliga Panathinaikos 2000 Dejan Bodiroga
50%
Evroliga Panathinaikos 2002 Dejan Bodiroga
50%
Evroliga Barcelona 2003 Dejan Bodiroga
50%
Evroliga Panathinaikos 2007 Dejan Tomašević
50%
Evroliga Panathinaikos 2011 Milenko Tepić
50%
Evroliga Bosna 1979 Svetislav Pešić
50%
Evroliga Jugoplastika 1990 Zoran Savić
50%
Evroliga POP 84 1991 Zoran Savić
50%
Evroliga Kinder Bologna 1998 Zoran Savić
50%
Evroliga Olympiacos 1997 Dragan Tarlać
0%
Evroliga Partizan 1992 Dragiša Šarić
0%
Evroliga Panathinaikos 2007 Dušan Šakota
0%
Evroliga Panathinaikos 2009 Dušan Šakota
0%
Evroliga Partizan 1992 Igor Perović
0%
Evroliga Kinder Bologna 2001 Marko Jarić
0%
Evroliga Olympiacos 2012 Marko Kešelj
0%
Evroliga Olympiacos 1997 Milan Tomić
0%
Evroliga Panathinaikos 2007 Miloš Vujanić
0%
Evroliga Panathinaikos 1996 Miroslav Pecarski
0%
Evroliga Partizan 1992 Mlađan Šilobad
0%
Evroliga Kinder Bologna 2001 Nikola Jestratijević
0%
Evroliga Partizan 1992 Nikola Lončar
0%
Evroliga Partizan 1992 Predrag Danilović
0%
Evroliga Kinder Bologna 1998 Predrag Danilović
0%
Evroliga Maccabi 2001 Radisav Ćurčić
0%
Evroliga Bosna 1979 Ratko Radovanović
0%
Evroliga Partizan 1992 Slaviša Koprivica
0%
Evroliga Partizan 1992 Vladimir Dragutinović
0%
Evroliga Bosna 1979 Žarko Varajić
0%
Evroliga Partizan 1992 Željko Rebrača
0%
Evroliga Panathinaikos 2000 Željko Rebrača
0%
Evroliga Jugoplastika 1989 Zoran Sretenović
0%
Evroliga Jugoplastika 1990 Zoran Sretenović
0%
Evroliga Partizan 1992 Zoran Stevanović
0%
No matching quizzes found
Score Distribution
Percent of People with Each Score
Percentile by Number Answered
Your Score History
You have not taken this quiz since the last reset